| 000 | 00528 a2200181 4500 | ||
|---|---|---|---|
| 003 | OSt | ||
| 005 | 20240205152814.0 | ||
| 008 | 240205b |||||||| |||| 00| 0 eng d | ||
| 020 | _a9789357420518 | ||
| 040 | _coclc | ||
| 082 |
_a894.8128 _bSAR/I |
||
| 100 |
_aSardar, Ziauddin _92247 |
||
| 245 |
_aISLAM JIHADHEEHIMSAKKUMAPPURAM / _cZiauddin Sardar |
||
| 250 | _a1st ed. | ||
| 260 |
_aKozhikode: _b Olive Publications, _c2022. |
||
| 300 | _a167p. | ||
| 942 |
_2ddc _cBK _h894.8128 _iSAR/I _k894.8128 _mSAR/I |
||
| 999 |
_c44300 _d44300 |
||